Natural drinks as alternative to processed commercial drinks sold in the SIS. canteen. (Record no. 96112)
[ view plain ]
| 000 -LEADER | |
|---|---|
| fixed length control field | 00326nam a2200109 a 4500 |
| 005 - DATE AND TIME OF LATEST TRANSACTION | |
| control field | 20140408090006.0 |
| 008 - FIXED-LENGTH DATA ELEMENTS--GENERAL INFORMATION | |
| fixed length control field | 021022s19uu xx 00 eng d |
| 050 ## - LIBRARY OF CONGRESS CALL NUMBER | |
| Classification number | PGS '98 |
| Item number | TAN #29 |
| 100 ## - MAIN ENTRY--PERSONAL NAME | |
| Personal name | Tan, Patrich V. |
| 245 ## - TITLE STATEMENT | |
| Title | Natural drinks as alternative to processed commercial drinks sold in the SIS. canteen. |
| 942 ## - ADDED ENTRY ELEMENTS (KOHA) | |
| Koha item type | PASS |
| Withdrawn status | Lost status | Damaged status | Home library | Current library | Shelving location | Date acquired | Source of acquisition | Total Checkouts | Full call number | Barcode | Date last seen | Price effective from | Koha item type |
|---|---|---|---|---|---|---|---|---|---|---|---|---|---|
| Luxembourg Library | Luxembourg Library | Portfolio Assessment of SISC Students Section | 11/12/2002 | PGS '98 TAN #29 | P0018 | 04/08/2014 | 04/08/2014 | PASS |